BUBT Library Online Catalog

The Transfer of Property Act / (Record no. 6678)

000 -LEADER
fixed length control field 00562nam a22002057a 4500
003 - CONTROL NUMBER IDENTIFIER
control field BUBTL
008 - FIXED-LENGTH DATA ELEMENTS--GENERAL INFORMATION
fixed length control field 220407b ||||| |||| 00| 0 eng d
020 ## - INTERNATIONAL STANDARD BOOK NUMBER
International Standard Book Number 9848372105
082 ## - DEWEY DECIMAL CLASSIFICATION NUMBER
Classification number 346.04/ Al101t/ 2016
100 ## - MAIN ENTRY--PERSONAL NAME
9 (RLIN) 4546
Personal name Al-Amim
245 ## - TITLE STATEMENT
Title The Transfer of Property Act /
Statement of responsibility, etc. Al-Amim
250 ## - EDITION STATEMENT
Edition statement 1st Edn.
260 ## - PUBLICATION, DISTRIBUTION, ETC. (IMPRINT)
Place of publication, distribution, etc. Dhaka:
Name of publisher, distributor, etc. Ain Prokashan,
Date of publication, distribution, etc. c2016
300 ## - PHYSICAL DESCRIPTION
Extent 318 p.:
Dimensions 21 cm.
505 ## - FORMATTED CONTENTS NOTE
Formatted contents note The Transfer of Property Act, Al-Amin
650 #0 - SUBJECT ADDED ENTRY--TOPICAL TERM
9 (RLIN) 26
Topical term or geographic name as entry element Law
856 ## - ELECTRONIC LOCATION AND ACCESS
Password 0
Logon 0
Link text Download
942 ## - ADDED ENTRY ELEMENTS (KOHA)
Source of classification or shelving scheme
Koha item type Books
Holdings
Withdrawn status Lost status Source of classification or shelving scheme Damaged status Not for loan Collection code Permanent location Current location Shelving location Date acquired Source of acquisition Inventory number Total Checkouts Full call number Barcode Date last seen Copy number Price effective from Koha item type Checked out Date last checked out
        Not For Loan Non-fiction Bangladesh University of Business and Technology Library Bangladesh University of Business and Technology Library Law Stacks 03/27/2022 Purchase 28547   346.5492/ Al101t/ 2016 BUBTL-200328547 04/07/2022 C-1 04/07/2022 Books    
          Non-fiction Bangladesh University of Business and Technology Library Bangladesh University of Business and Technology Library Law Stacks 03/27/2022 Purchase 28548   346.5492/ Al101t/ 2016 BUBTL-200328548 04/07/2022 C-2 04/07/2022 Books    
          Non-fiction Bangladesh University of Business and Technology Library Bangladesh University of Business and Technology Library Law Stacks 03/27/2022 Purchase 28549 1 346.5492/ Al101t/ 2016 BUBTL-200328549 07/11/2024 C-3 04/07/2022 Books 07/18/2024 07/11/2024
          Non-fiction Bangladesh University of Business and Technology Library Bangladesh University of Business and Technology Library Law Stacks 03/27/2022 Purchase 28550 1 346.5492/ Al101t/ 2016 BUBTL-200328550 05/13/2024 C-3 04/07/2022 Books   05/12/2024
        Not For Loan Non-fiction Bangladesh University of Business and Technology Library Bangladesh University of Business and Technology Library Law Stacks 03/27/2022 Purchase 28551   346.5492/ Al101t/ 2016 BUBTL-200328551 04/07/2022 C-5 04/07/2022 Books    

More Information About Library

Library Hours

  • Open: 9.00 am. to 9.00 pm.
  • Only Sunday: 9.00 am. to 6.00 pm.
  • Closed: Holiday

Contact to the University

Bangladesh University of Business and Technology Library

  • Mirpurl-2, 1216.
  • Phone:
  • Fax:
  • E-Mail: admin.library@bubt.edu.bd

Contact to the Library

Contact Person:

Md. Abdul Hakim Shah
Joint Librarian
PABX No:  113
Cell No: 01816332931
E-mail: official: admin.library@bubt.edu.bd
Personal: hakim.shah@bubt.edu.bd


BUBT Library

Copyright © 2021